000 00278nam a22001097a 4500
082 _a491.2/SWA
100 _aSwain, Prof.Brajakishore
_983273
245 _aSANSKRIT:An Introductory Analysis
260 _aNew Delhi
_bAkshaya Peakashan
_c2021
650 _aLang
_971982
942 _cBK
999 _c68119
_d68119